50 Biggest Cities in the Amazon Rainforest - Statistics

General Stats
  • This quiz has been taken 17 times
  • The average score is 8 of 50
Answer Stats
Country Population City % Correct
Brazil 2,471,643 Manaus
100%
Brazil 2,270,056 Belém
67%
Peru 522,047 Iquitos
60%
Suriname 331,840 Paramaribo
47%
Guyana 264,379 Georgetown
40%
Brazil 517,249 Porto Velho
33%
Brazil 390,680 Rio Branco
33%
Brazil 421,403 Santarém
33%
Brazil 524,098 Boa Vista
27%
Brazil 514,712 Macapá
27%
Peru 104,389 Puerto Maldonado
27%
Peru 446,240 Pucallpa
20%
Peru 253,643 Tarapoto
20%
Colombia 390,742 Buenaventura
13%
Venezuela 1,055,310 Guayana City
13%
Venezuela 118,605 Puerto Ayacucho
13%
Brazil 159,080 Abaetetuba
7%
Brazil 126,279 Altamira
7%
Brazil 550,071 Ananindeau
7%
Brazil 116,102 Ariquemes
7%
Brazil 127,027 Barcarena
7%
Brazil 128,914 Bragança
7%
Brazil 106,968 Breves
7%
Brazil 203,251 Castanhal
7%
Brazil 117,612 Corumbá
7%
Ecuador 174,205 Esmeraldas
7%
Colombia 190,028 Florencia
7%
Colombia 121,842 Ipiales
7%
Brazil 104,082 Itacoatiara
7%
Brazil 123,312 Itaituba
7%
Peru 110,755 Jaén
7%
Brazil 142,936 Ji-Paraná
7%
Ecuador 210,943 Loja
7%
Brazil 120,025 Manacapuru
7%
Brazil 342,007 Marabá
7%
Brazil 133,685 Marituba
7%
Brazil 114,503 Paragominas
7%
Brazil 266,424 Parauapebas
7%
Brazil 103,747 Parintins
7%
Colombia 415,493 Pasto
7%
Colombia 133,101 Quibdó
7%
Brazil 105,455 Redenção
7%
Bolivia 112,458 Riberalta
7%
Brazil 126,558 Santana
7%
Brazil 226,024 Sinop
7%
Brazil 110,635 Sorriso
7%
Brazil 106,434 Tangará da Serra
7%
Brazil 109,037 Tucuruí
7%
Colombia 287,150 Tumaco
7%
Brazil 113,254 Vilhena
7%
No matching quizzes found
Score Distribution
Percent of People with Each Score
Percentile by Number Answered
Your Score History
You have not taken this quiz